| 000 | 00000cam 2200000zi 4500 |
| 001 | 9.962812 |
| 003 | CaOODSP |
| 005 | 20260515083737 |
| 006 | m o d f |
| 007 | cr mn||||||||| |
| 008 | 260515s1984 oncd ob f000 0 eng d |
| 040 | |aCaOODSP|beng|erda|cCaOODSP |
| 043 | |an-cn--- |
| 086 | 1 |aJS4-1/1984-86E-PDF |
| 100 | 1 |aTellier, Marie-Claude, |eauthor. |
| 245 | 10|aProtective custody : |bthe emerging crisis within the prison system / |cMarie-Claude Tellier and J. Stephen Wormith and Paul Gendreau. |
| 264 | 1|a[Ottawa] : |bMinistry of the Solicitor General of Canada, Secretariat, Programs Branch, |c1984. |
| 300 | |a1 online resource (ii, 52 pages) : |bgraphs. |
| 336 | |atext|btxt|2rdacontent |
| 337 | |acomputer|bc|2rdamedia |
| 338 | |aonline resource|bcr|2rdacarrier |
| 490 | 1 |aPrograms Branch user report ; |vno. 1984-86 |
| 500 | |aDigitized edition from print [produced by Public Safety Canada]. |
| 500 | |aIssued also in French under title: Isolement protecteur : malaise dans le système carcéral. |
| 500 | |a"This working paper was prepared under contract for the Research Division and is made available as submitted to the Ministry. The views expressed are those of the authors and are not necessarily those of the Ministry of the Solicitor General of Canada." |
| 504 | |aIncludes bibliographical references (pages 49-52). |
| 520 | 3 |a"This paper provides a detailed review of the literature pertaining to protective custody. Current protective custody policies and procedures from two jurisdictions, the Correctional Service of Canada and the Ontario Ministry of Correctional Service, are reviewed. A descriptive profile of the protective custody inmate is presented. Other issues discussed include the means by which protective custody inmates live in protection, the quality of the environment, human rights, and staff attitudes. Finally, the paper reflects on means by which the protective custody population might be managed and reduced in number"--Abstract, page ii. |
| 650 | 0|aProtective custody|xGovernment policy|zCanada. |
| 650 | 0|aPrison administration|zCanada. |
| 650 | 0|aCorrectional personnel|zCanada|xAttitudes. |
| 710 | 1 |aCanada. |bSolicitor General Canada. |bPrograms Branch, |eissuing body. |
| 775 | 08|tIsolement protecteur : |w(CaOODSP)9.962818 |
| 830 | #0|aUser report (Canada. Solicitor General Canada)|vno. 1984-86.|w(CaOODSP)9.808480 |
| 856 | 40|qPDF|s921 KB|uhttps://publications.gc.ca/collections/collection_2026/sp-ps/js4-1/JS4-1-1984-86-eng.pdf |